| 000 | 01121nam a2200253Ia 4500 | ||
|---|---|---|---|
| 003 | OSt | ||
| 005 | 20260105062357.0 | ||
| 008 | 160316s2008 xxu||||| |||| 00| 0 eng d | ||
| 020 | _a9788122310153 | ||
| 020 | _a812231015X | ||
| 040 | _cnls | ||
| 082 | _a340.1 SHI | ||
| 100 | _aShiang David A | ||
| 245 | _aGod does not play dice : The fulfilment of Einstein's Quest for law and order in nature | ||
| 260 |
_aDelhi : _bPustak Mahal ; _c2008 |
||
| 300 | _a133p | ||
| 365 | _bRs. 195 | ||
| 505 | _aContents: Forward I; 1. Introduction 1; 2. Beginning the Journey 7; 3. A Certain World Beyond Science 19; 4 The Solution to the Free Will Problem 27; 5. Cracking Nature's Code of Law and Order 45; 6. Quantum Leaps of Faith 65; 7. Sagan's Baloney Detection Kit Applied 83; 8. Why Darwinism is Defunct 105; Appendix A; Observations on the Direction of Time 111; Appendix B; Einstein, God, and the Number One Musketeer 115; Notes 119; Index 119; Acknowledgements 133; | ||
| 650 | _aNatural Law | ||
| 650 | _aLegal Principle | ||
| 650 | _aNatural Principles | ||
| 700 |
_a _a |
||
| 942 |
_2ddc _cBK |
||
| 999 |
_c26601 _d26601 |
||